000 00693nam a2200217Ia 4500
003 GCL
008 140319s9999 xx 000 0 ara d
020 _a4363401977
040 _aGCL /
_cGCL
082 0 4 _a813.01
_bس ى
100 1 _aيوسف القعيد
245 1 0 _aيوسف القعيد الاعمال الكاملة /
_cيوسف القعيد
260 _aالقاهرة :
_bالهيئة المصرية العامة للكتاب ،
_c1993
300 _a ؛
_c19 سم
490 _a
650 0 4 _aالادب العربى
650 0 4 _aالقصص القصيرة
650 0 4 _aالقصص العربية القصيرة
650 0 4 _aالقصة العربية
942 _2ddc
_cBK
999 _c29075
_d29075